| 000 | 05606namaa22004331i 4500 | ||
|---|---|---|---|
| 003 | EG-GICUC | ||
| 005 | 20260502122138.0 | ||
| 008 | 260502s2025 ua a|||frm||| 000 0 eng d | ||
| 040 |
_aEG-GICUC _beng _cEG-GICUC _dEG-GICUC _erda |
||
| 041 | 0 |
_aeng _beng _bara |
|
| 049 | _aDeposit | ||
| 082 | 0 | 4 | _a615.82 |
| 092 |
_a615.82 _221 |
||
| 097 | _aM.Sc | ||
| 099 | _aCai01.21.09.M.Sc.2025.Sh.A | ||
| 100 | 0 |
_aShady Sameh Zekry Abd Elmalak, _epreparation. |
|
| 245 | 1 | 4 |
_aThe association between abdominal obesity, gluteal muscles strength and endurance in young and middle-aged adults / _cby Shady Sameh Zekry Abd Elmalak ; Supervisors Prof. Dr. Omaima Mohamed Ali Kattabei, Prof. Dr. Eman Ahmed AbdElmoez. |
| 246 | 1 | 5 | _aالعلاقة بين سمنة البطن، وقوّة وتحمل عضلات الألوية لدى صغار ومتوسطي السن من البالغين |
| 264 | 0 | _c2025. | |
| 300 |
_a95 pages : _billustrations ; _c25 cm. + _eCD. |
||
| 336 |
_atext _2rda content |
||
| 337 |
_aUnmediated _2rdamedia |
||
| 338 |
_avolume _2rdacarrier |
||
| 502 | _aThesis (M.Sc)-Cairo University, 2025. | ||
| 504 | _aBibliography: pages 83-93. | ||
| 520 | 3 | _aBackground: This study aimed to investigate the relationship between abdominal obesity—quantified by waist circumference and waist-to-hip ratio —and the strength and endurance of the gluteal musculature in young and middle-aged adults. Methods: A cross-sectional design was employed, involving 78 asymptomatic participants aged 18 to 45 years, who were stratified into abdominally obese and non-abdominally obese groups based on waist-to-hip ratio criteria. Muscle strength was assessed using a Lafayette handheld dynamometer, and endurance was measured via standardized protocols (Gluteal Endurance Measure – Abduction) and (gluteal endurance muscle -Bridging). Anthropometric variables were recorded using validated tools, including the mechanical column scale and flexible tape for waist and hip measurements. Results: The results demonstrated weak, statistically significant positive correlations between Waist circumference and waist-to-hip ratio with gluteus maximus strength in both groups. Gluteus Medius strength and endurance revealed fewer significant associations. Body mass index showed weak and inconsistent correlations with muscle performance. Conclusion: Abdominal adiposity measures provide superior insight into muscle performance outcomes compared to Body mass index alone. Evaluating central fat distribution is crucial for designing targeted musculoskeletal intervention strategies. | |
| 520 | 3 | _aالخلفية: هدفت هذه الدراسة إلى تحليل العلاقة بين السمنة البطنية – والتي تم قياسها من خلال محيط الخصر، ونسبة الخصر إلى الورك، ومؤشر كتلة الجسم – وبين قوة وتحمل عضلات الأرداف لدى البالغين من الشباب ومتوسطي العمر. المنهجية: تم اعتماد تصميم مقطعي شمل ثمانية وسبعين مشاركًا لا يعانون من أعراض مرضية، تتراوح أعمارهم بين 18 و45 عامًا، وتم تقسيمهم إلى مجموعتين حسب وجود السمنة البطنية استنادًا إلى معيار نسبة الخصر إلى الورك. تم قياس القوة العضلية باستخدام جهاز "لافاييت" المحمول لقياس الديناميكا العضلية، وجرى تقييم التحمل من خلال بروتوكولات قياسية. كما تم تسجيل القياسات (GEM-A و GEM-B) الأنثروبومترية باستخدام أدوات موثوقة مثل الميزان العمودي الميكانيكي وشريط قياس مرن لمحيط الخصر والورك. النتائج: كشفت النتائج عن وجود ارتباطات إيجابية معتدلة ذات دلالة إحصائية بين محيط الخصر ونسبة الخصر إلى الورك مع قوة العضلة الألوية الكبرى في كلا المجموعتين. أما قوة وتحمل العضلة الألوية الوسطى، فقد أظهرت ارتباطات أقل أهمية. كما أن مؤشر كتلة الجسم ارتبط بشكل ضعيف وغير منتظم بأداء العضلات. الاستنتاج: تُعد مقاييس توزيع الدهون الإقليمي مثل محيط الخصر ونسبة الخصر إلى الورك أكثر دقة في التنبؤ بأداء العضلات مقارنةً بمؤشر كتلة الجسم فقط. إن تقييم توزيع الدهون المركزية يعتبر أمرًا بالغ الأهمية عند تصميم استراتيجيات تدخل علاجية عضلية هيكلية مستهدفة. | |
| 530 | _aIssues also as CD. | ||
| 546 | _aText in English and abstract in Arabic & English. | ||
| 650 | 0 | _aPhysical Therapy | |
| 650 | 0 | _aالعلاج الطبيعي | |
| 653 | 1 |
_aabdominal obesity, , , , , _awaist-to-hip ratio _awaist circumference _agluteus maximus _agluteus medius _amuscle strength _amuscle endurance _aالسمنة البطنية _aنسبة الخصر إلى الورك |
|
| 700 | 0 |
_aOmaima Mohamed Ali Kattabei _ethesis advisor. |
|
| 700 | 0 |
_aEman Ahmed AbdElmoez _ethesis advisor. |
|
| 900 |
_b01-01-2025 _cOmaima Mohamed Ali Kattabei _cEman Ahmed AbdElmoez _UCairo University _FFaculty of Physical Therapy _DDepartment of Basic Sciences |
||
| 905 | _aShimaa | ||
| 942 |
_2ddc _cTH _e21 _n0 |
||
| 999 | _c179891 | ||